The radio amateur's handbook / (Record no. 545702)
[ view plain ]
| 000 -LEADER | |
|---|---|
| fixed length control field | 00587pam a2200193 i 4500 |
| 020 ## - INTERNATIONAL STANDARD BOOK NUMBER | |
| International Standard Book Number | 0690017723 : |
| 082 00 - DEWEY DECIMAL CLASSIFICATION NUMBER | |
| Classification number | 621.38416 |
| Author Mark | RAD |
| -- | L-11P-28, |
| 100 1# - MAIN ENTRY--PERSONAL NAME | |
| Personal name | Collins, A. Frederick |
| 9 (RLIN) | 41651 |
| 245 14 - TITLE STATEMENT | |
| Title | The radio amateur's handbook / |
| Statement of responsibility, etc. | A. Frederick Collins ; rev. by Robert Hertzberg. |
| 250 ## - EDITION STATEMENT | |
| Edition statement | 14th rev. ed. |
| 260 ## - PUBLICATION, DISTRIBUTION, ETC. | |
| Place of publication, distribution, etc. | New York : |
| Name of publisher, distributor, etc. | Crowell, |
| Date of publication, distribution, etc. | c1979. |
| 300 ## - PHYSICAL DESCRIPTION | |
| Extent | 375 p. : |
| Other physical details | ill. ; |
| Dimensions | 22 cm. |
| 500 ## - GENERAL NOTE | |
| General note | Includes index. |
| 526 ## - STUDY PROGRAM INFORMATION NOTE | |
| Program name | 0 |
| Interest level | 0 |
| Reading level | 0 |
| Title point value | 621_384160000000000_RAD |
| 650 #0 - SUBJECT ADDED ENTRY--TOPICAL TERM | |
| Topical term or geographic name entry element | MCE |
| 9 (RLIN) | 379 |
| 650 #0 - SUBJECT ADDED ENTRY--TOPICAL TERM | |
| Topical term or geographic name entry element | Radio |
| 700 1# - ADDED ENTRY--PERSONAL NAME | |
| Personal name | Hertzberg, Robert Edward, |
| 9 (RLIN) | 41652 |
| 942 ## - ADDED ENTRY ELEMENTS (KOHA) | |
| Source of classification or shelving scheme | |
| Koha item type | Book |
| Withdrawn status | Lost status | Source of classification or shelving scheme | Damaged status | Not for loan | Permanent Location | Current Location | Date acquired | Total Checkouts | Full call number | Barcode | Date last seen | Date last checked out | Price effective from | Koha item type |
|---|---|---|---|---|---|---|---|---|---|---|---|---|---|---|
| Military College of Engineering (MCE) | Military College of Engineering (MCE) | 05/28/2014 | 1 | 621.38416 RAD | MCE-2072 | 06/12/2014 | 05/28/2014 | 05/28/2014 | Book |
